<?xml version="1.0" encoding="UTF-8"?>
<record
    xmlns:xsi="http://www.w3.org/2001/XMLSchema-instance"
    xsi:schemaLocation="http://www.loc.gov/MARC21/slim http://www.loc.gov/standards/marcxml/schema/MARC21slim.xsd"
    xmlns="http://www.loc.gov/MARC21/slim">

  <leader>02324nam a22001577a 4500</leader>
  <datafield tag="999" ind1=" " ind2=" ">
    <subfield code="c">526393</subfield>
    <subfield code="d">526393</subfield>
  </datafield>
  <controlfield tag="008">240531b           ||||| |||| 00| 0 eng d</controlfield>
  <datafield tag="100" ind1=" " ind2=" ">
    <subfield code="a">Chatterjee, Ayan and  Chatterjee, Debmallya </subfield>
    <subfield code="9">53269</subfield>
  </datafield>
  <datafield tag="245" ind1=" " ind2=" ">
    <subfield code="a">A journey of business analytics in improving supply chain performance: A systematic review of literature. </subfield>
  </datafield>
  <datafield tag="260" ind1=" " ind2=" ">
    <subfield code="a">Management and Labour Studies  </subfield>
  </datafield>
  <datafield tag="300" ind1=" " ind2=" ">
    <subfield code="a">49(2), May, 2024: p.337-361</subfield>
  </datafield>
  <datafield tag="520" ind1=" " ind2=" ">
    <subfield code="a">The influence of business analytics on supply chain performance has become notable over the last decade. The purpose of this study is to identify and analyze the effect of endogenous variables of business analytics, if any, on supply chain performance. We have conducted a systematic literature review (SLR) in four sequential stages, that is, collecting existing literature from relevant databases, finding endogenous variable(s) in this context, classifying papers based on how the endogenous variable(s) under consideration affect the impact of business analytics on supply chain performance and, finally, segmenting the literature depending on different types of supply chain performance. The study considers research papers published during the period 2008&#x2013;2023. Based on the analysis of the literature, it is found that &#x2018;market competition&#x2019; is an important endogenous variable in this context. This variable can impact the relationship between business analytics and supply chain performance in different ways. It can serve as a moderating variable, mediating variable or main variable. In this study, we have shown how directional relationships among business analytics, market competition and supply chain performance have changed over time. The future scope of the proposed study could be to identify other endogenous variables at the time of verifying the influence of business analytics on supply chain performance. &#x2013; Reproduced 

https://journals.sagepub.com/doi/full/10.1177/0258042X231208586
</subfield>
  </datafield>
  <datafield tag="650" ind1=" " ind2=" ">
    <subfield code="a">Business Analytics, Supply Chain Performance, Endogenous Variables, Systematic Literature Review (SLR), Market Competition, Moderating Variable, Mediating Variable, Directional Relationships, Supply Chain Dynamics, Data-Driven Decision-Making, Performance Measurement.</subfield>
    <subfield code="9">53270</subfield>
  </datafield>
  <datafield tag="773" ind1=" " ind2=" ">
    <subfield code="a">Management and Labour Studies  </subfield>
  </datafield>
  <datafield tag="906" ind1=" " ind2=" ">
    <subfield code="a">PERFORMANCE MANGEMENT</subfield>
  </datafield>
  <datafield tag="942" ind1=" " ind2=" ">
    <subfield code="c">AR</subfield>
  </datafield>
  <datafield tag="952" ind1=" " ind2=" ">
    <subfield code="0">0</subfield>
    <subfield code="1">0</subfield>
    <subfield code="2">ddc</subfield>
    <subfield code="4">0</subfield>
    <subfield code="7">0</subfield>
    <subfield code="9">401466</subfield>
    <subfield code="a">IIPA</subfield>
    <subfield code="b">IIPA</subfield>
    <subfield code="d">2024-05-31</subfield>
    <subfield code="h">49(2), May, 2024: p.337-361</subfield>
    <subfield code="p">AR132116</subfield>
    <subfield code="r">2024-05-31</subfield>
    <subfield code="y">AR</subfield>
  </datafield>
</record>
